000 00316nam a22001337a 4500
008 170602b xxu||||| |||| 00| 0 eng d
020 _a9780231081832
041 _aeng
080 _a93
100 _a17
101 _aSHH
245 _aBETWEEN TWO ARMIES IN THE IXIL TOWEN OF GUATEMALA
_cSTOLL, D
942 _2udc
_cBK
999 _c15626
_d15626